Views invited on sustainable development strategy (Record no. 70411)
[ view plain ]
| 000 -LEADER | |
|---|---|
| fixed length control field | 00969cam a2200205 4500 |
| 001 - CONTROL NUMBER | |
| control field | WB3820-10 |
| 008 - FIXED-LENGTH DATA ELEMENTS--GENERAL INFORMATION | |
| fixed length control field | 020531n2002 000 0 eng u |
| 035 ## - SYSTEM CONTROL NUMBER | |
| System control number | (Sirsi) u118275 |
| 245 ## - TITLE STATEMENT | |
| Title | Views invited on sustainable development strategy |
| 260 ## - PUBLICATION, DISTRIBUTION, ETC. | |
| Date of publication, distribution, etc. | 2002 |
| 490 ## - SERIES STATEMENT | |
| Series statement | RICS Environment Faculty News |
| Volume/sequential designation | 31 May 2002 (1) |
| 520 ## - SUMMARY, ETC. | |
| Summary, etc. | The Department of Transport Local Government and the Regions (DTLR) has asked for feedback on its new draft sustainable development strategy. The aim of the strategy is to ensure that the DTLR is adhering to sustainable development across its range of activities. The consultation period ends 17 June 2002. Links to the relevant publications available at www.rics.org/ricscms/bin/show?class=News&template=/includes/shownews.html&id=2706 |
| 590 ## - LOCAL NOTE (RLIN) | |
| Local note | WB |
| 650 ## - SUBJECT ADDED ENTRY--TOPICAL TERM | |
| Topical term or geographic name entry element | DTLR |
| 650 ## - SUBJECT ADDED ENTRY--TOPICAL TERM | |
| Topical term or geographic name entry element | CONSULTATION |
| 650 ## - SUBJECT ADDED ENTRY--TOPICAL TERM | |
| Topical term or geographic name entry element | SUSTAINABLE DEVELOPMENT |
| 650 ## - SUBJECT ADDED ENTRY--TOPICAL TERM | |
| Topical term or geographic name entry element | STRATEGY |
| 690 ## - LOCAL SUBJECT ADDED ENTRY--TOPICAL TERM (OCLC, RLIN) | |
| Topical term or geographic name as entry element | ENVIRONMENTAL AND LAND CONSULTANCY |
| 942 ## - ADDED ENTRY ELEMENTS (KOHA) | |
| Suppress in OPAC | 0 |
| Withdrawn status | Lost status | Source of classification or shelving scheme | Damaged status | Not for loan | Home library | Current library | Shelving location | Date acquired | Total Checkouts | Full call number | Barcode | Date last seen | Copy number | Price effective from | Koha item type |
|---|---|---|---|---|---|---|---|---|---|---|---|---|---|---|---|
| Dewey Decimal Classification | London | London | News article | 31/05/2002 | WB3820-10 | 118275-1001 | 06/08/2019 | 1 | 06/08/2019 | News article |